Green energy : sustainable electricity supply with low environmental impact (Record no. 198188)

MARC details
000 -LEADER
fixed length control field 00778nam a2200241Ia 4500
008 - FIXED-LENGTH DATA ELEMENTS--GENERAL INFORMATION
fixed length control field 191130s2010##################000#0#eng##
020 ## - INTERNATIONAL STANDARD BOOK NUMBER
ISBN 9781439818923
082 ## - DEWEY DECIMAL CLASSIFICATION NUMBER
Classification number 333.794 JEF
100 ## - MAIN ENTRY--AUTHOR NAME
Personal name Jeffs, Eric J
245 ## - TITLE STATEMENT
Title Green energy : sustainable electricity supply with low environmental impact
Statement of responsibility, etc Eric Jeffs
260 ## - PUBLICATION, DISTRIBUTION, ETC. (IMPRINT)
Place of publication Boca Raton, FL
Name of publisher CRC Press
Year of publication c2010
300 ## - PHYSICAL DESCRIPTION
Number of Pages viii, 228 p. : ill. ; 25 cm
500 ## - GENERAL NOTE
General note Includes index
650 ## - SUBJECT ADDED ENTRY--TOPICAL TERM
Topical Term Electric power distribution - Environmental aspects
Topical Term Interconnected electric utility systems
Topical Term Renewable energy sources
Topical Term Sustainable engineering
991 ## -
-- 177304
Holdings
Withdrawn status Lost status Damaged status Not for loan Home library Current library Shelving location Date acquired Full call number Accession Number Price effective from Koha item type
        Anna Centenary Library Anna Centenary Library 4TH FLOOR, A WING 13.10.2020 333.794 JEF 149431 13.10.2020 English Books

Find us on the map